|
|
|
|
| LEADER |
00000nam0a2200000 4500 |
| 001 |
279412 |
| 005 |
20231101235216.0 |
| 020 |
|
|
|a RU
|b 85-23004
|
| 035 |
|
|
|a (RuTPU)RU\TPU\book\302690
|
| 090 |
|
|
|a 279412
|
| 100 |
|
|
|a 20141218d1985 k y0rusy5003 ca
|
| 101 |
0 |
|
|a rus
|
| 102 |
|
|
|a RU
|
| 105 |
|
|
|a a z 001zy
|
| 200 |
1 |
|
|a Определение и интерпретация скоростей в методе отраженных волн
|f А. К. Урупов, А. Н. Левин
|
| 210 |
|
|
|a Москва
|c Недра
|d 1985
|
| 215 |
|
|
|a 288 с.
|c ил.
|
| 320 |
|
|
|a Библиогр.: с. 285-286
|
| 606 |
1 |
|
|a Сейсмические волны, отраженные
|x Метод МОВ
|2 stltpush
|3 (RuTPU)RU\TPU\subj\54364
|9 72521
|
| 610 |
1 |
|
|a упругие волны
|
| 610 |
1 |
|
|a продольные волны
|
| 610 |
1 |
|
|a поперечные волны
|
| 610 |
1 |
|
|a распространение
|
| 610 |
1 |
|
|a изотропные модели
|
| 610 |
1 |
|
|a анизотропные модели
|
| 610 |
1 |
|
|a годографы
|
| 610 |
1 |
|
|a кинематические задачи
|
| 610 |
1 |
|
|a решение
|
| 610 |
1 |
|
|a сейсмические скорости
|
| 675 |
|
|
|a 550.834.5
|v 4
|
| 700 |
|
1 |
|a Урупов
|b А. К.
|g Адам Константинович
|
| 701 |
|
1 |
|a Левин
|b А. Н.
|g Александр Николаевич
|
| 801 |
|
0 |
|a RU
|b RuMRKP
|c 19950704
|g psbo
|
| 801 |
|
1 |
|a RU
|b 63413507
|c 20141218
|
| 801 |
|
2 |
|a RU
|b 63413507
|c 20170418
|g RCR
|
| 942 |
|
|
|c BK
|